[Event "forest howling"]
[Site "http://www.queenalice.com/game.php?id=968685"]
[Date "2011.8.5"]
[Round "-"]
[White "Aguinaldo"]
[Black "canadianwolf"]
[Result "0-1"]
[WhiteElo "1905"]
[BlackElo "1801"]

1. e4 e6 2. d4 d5 3. e5 g6 4. Nf3 h6 5. Bb5+ c6 6. Bd3 Ne7 7. Nc3 a5 8. a4 Nd7
9. Be3 Nb6 10. O-O Qc7 11. b3 Bd7 12. Ne2 g5 13. Ng3 Nf5 14. Nxf5 exf5 15. Kh1
Be6 16. Qe2 Be7 17. Bd2 g4 18. Ne1 c5 19. dxc5 Bxc5 20. Bb5+ Nd7 21. Nd3 O-O-O
0-1

[Event "Otác"]
[Site "http://www.queenalice.com/game.php?id=968823"]
[Date "2011.8.5"]
[Round "-"]
[White "ulisses34"]
[Black "canadianwolf"]
[Result "1-0"]
[WhiteElo "1678"]
[BlackElo "1821"]

1. e4 e6 2. Nf3 d6 3. c3 Nd7 4. d4 Nb6 5. a4 h6 6. a5 Nd7 7. Qa4 Ne7 8. Na3 d5
9. exd5 Nxd5 10. Nc4 c6 11. b4 b5 12. axb6 N7xb6 13. Nxb6 Qxb6 14. Bd2 f6 15.
Bd3 Ne7 16. Be3 Bd7 17. Qb3 Nd5 18. Ra6 Qb7 19. Bd2 c5 20. b5 Rc8 21. dxc5 Bxc5
22. Nd4 Bxd4 23. cxd4 Ne7 24. O-O O-O 25. Rfa1 Nc6 26. Qb1 Nxd4 27. Rxa7 Qd5 28.
Be4 Qb3 29. Rxd7 Qc4 30. Bd3 Qc5 31. b6 Rf7 32. Rxf7 Nc6 33. Rc7 Rxc7 34. bxc7
Ne7 35. Bh7+ Kf7 36. Qc1 Qd4 37. Be3 Qd7 38. Ra8 Nc8 39. Qc2 f5 40. Bf4 e5 41.
Bxe5 g6 42. Qa2+ Kf8 43. Qa3+ Kf7 44. Qa2+ Ke7 45. h3 1-0

[Event "wolf at your door"]
[Site "http://www.queenalice.com/game.php?id=969502"]
[Date "2011.8.6"]
[Round "-"]
[White "equus"]
[Black "canadianwolf"]
[Result "1-0"]
[WhiteElo "1875"]
[BlackElo "1797"]

1. c4 e6 2. Nf3 c6 3. d4 h6 4. e4 Bb4+ 5. Bd2 a5 6. Bxb4 axb4 7. a4 d5 8. cxd5
cxd5 9. e5 Ne7 10. b3 Bd7 11. g3 Qb6 12. Bg2 Qa6 13. Nbd2 b5 14. Bf1 g5 15. Be2
Nf5 16. O-O g4 17. Nh4 Nxd4 18. Bxg4 bxa4 19. Re1 Bb5 20. Kg2 Nbc6 21. f4 Ne7
22. Ra2 a3 23. Ne4 Ndf5 24. Nxf5 exf5 25. Nd6+ Kf8 26. Bxf5 h5 27. h4 Bc6 28.
Qd4 Rh6 29. Qxb4 d4+ 30. Be4 Bxe4+ 31. Rxe4 d3 32. Nf5 Re6 33. Nxe7 Rxe7 34. Rd4
Qc6+ 35. Kh2 Qf3 36. Rd7 Re8 37. Qxa3 Qc6 38. Rxd3 Kg7 39. Qb2 Re6 40. Ra4 Qb7
41. Rad4 Kg8 42. Rd8 Rxd8 43. Rxd8+ Kg7 44. Rd6 Re7 45. e6+ f6 46. Rd7 Rxd7 47.
exd7 Qxd7 48. Qg2 Qb5 49. g4 Kh6 50. g5+ fxg5 51. Qxg5+ 1-0

[Event "huff & puff fan"]
[Site "http://www.queenalice.com/game.php?id=969731"]
[Date "2011.8.8"]
[Round "-"]
[White "canadianwolf"]
[Black "REDWOLF"]
[Result "1-0"]
[WhiteElo "1824"]
[BlackElo "1747"]

1. e4 e5 2. Bc4 Bc5 3. Qh5 Qf6 4. Nf3 Nc6 5. c3 d6 6. d3 Be6 7. Bxe6 Qxe6 8. Ng5
Qf6 9. Nh3 g6 10. Qe2 O-O-O 11. Bg5 Qe6 12. Nd2 f6 13. Be3 Bxe3 14. Qxe3 d5 15.
O-O dxe4 16. dxe4 f5 17. f4 exf4 18. Qxf4 Nf6 19. exf5 gxf5 20. Nb3 Nd5 21. Qxf5
Qxf5 22. Rxf5 Ne3 23. Rf3 Ng4 24. Re1 h5 25. Nc1 b6 26. Nd3 Rhe8 27. Rxe8 Rxe8
28. Nhf4 h4 29. h3 Ne3 30. Ng6 Re4 31. Rf8+ Kb7 32. Ndf4 Nd1 33. Nxh4 Nxb2 34.
Nhg6 Ne5 35. Nxe5 Rxe5 36. h4 Re7 37. g4 Re3 38. g5 Rxc3 39. g6 a5 40. h5 1-0

[Event "AUTO-INT-1978"]
[Site "http://www.queenalice.com/game.php?id=974471"]
[Date "2011.8.19"]
[Round "2"]
[White "jocapeme"]
[Black "canadianwolf"]
[Result "0-1"]
[WhiteElo "1573"]
[BlackElo "1848"]

1. e4 e6 2. Nf3 h6 3. Bc4 c6 4. Nc3 Ne7 5. d4 d6 6. Be3 b5 7. Bb3 a5 8. a3 d5 9.
O-O Ng6 10. Qd3 b4 11. axb4 Bxb4 12. Ba4 Bxc3 13. Qxc3 Qc7 14. b3 Na6 15. Rfe1
Bd7 16. Ra3 Nb4 17. h3 O-O-O 18. Bd2 f6 0-1

[Event "AUTO-INT-1978"]
[Site "http://www.queenalice.com/game.php?id=974472"]
[Date "2011.8.19"]
[Round "2"]
[White "canadianwolf"]
[Black "jocapeme"]
[Result "1-0"]
[WhiteElo "1853"]
[BlackElo "1568"]

1. e4 e5 2. Qh5 Bd6 3. Bc4 Qe7 4. c3 g6 5. Qf3 Nf6 6. Ne2 Nc6 7. d3 Bc5 8. b4
Bb6 9. Ba3 d6 10. Nd2 Be6 11. Bb5 a6 12. Bxc6+ bxc6 13. h3 O-O 14. Bc1 c5 15. g4
a5 16. b5 d5 17. Ba3 Rad8 18. Ng3 d4 19. Bb2 1-0

[Event "AUTO-INT-1978"]
[Site "http://www.queenalice.com/game.php?id=974479"]
[Date "2011.8.19"]
[Round "2"]
[White "JD"]
[Black "canadianwolf"]
[Result "0-1"]
[WhiteElo "1732"]
[BlackElo "1858"]

1. e4 e5 2. d3 a6 3. f4 Nc6 4. fxe5 Nxe5 5. Nf3 Ng6 6. h4 h6 7. g4 d6 8. h5 Ne5
9. c4 Bxg4 10. Be2 Bxf3 11. Bxf3 Nf6 12. b3 c5 13. Bb2 Nc6 14. e5 Nd7 15. Bxc6
bxc6 16. Qe2 dxe5 17. Bxe5 Nxe5 18. Qxe5+ Qe7 19. Qe4 f5 20. Qe2 O-O-O 21. Nc3
Rxd3 22. Qxe7 Bxe7 23. Na4 Re3+ 24. Kf2 f4 25. Rad1 Kc7 26. Rhg1 Rg8 27. Rg4 Bd6
28. Rdg1 Re7 29. Rxf4 Bxf4 30. Nxc5 Be3+ 0-1

[Event "AUTO-INT-1978"]
[Site "http://www.queenalice.com/game.php?id=974480"]
[Date "2011.8.19"]
[Round "2"]
[White "canadianwolf"]
[Black "JD"]
[Result "1-0"]
[WhiteElo "1849"]
[BlackElo "1698"]

1. e4 e5 2. Qh5 d6 3. Bc4 g6 4. Qd1 Be6 5. d3 Bxc4 6. dxc4 c5 7. Nc3 Qa5 8. Bd2
Nc6 9. Nd5 Qd8 10. c3 Rc8 11. Nh3 Nf6 12. Bg5 Be7 13. Bxf6 Bxf6 14. f4 exf4 15.
O-O g5 16. Nf2 Ne7 17. Nxf6+ Kf8 18. Qh5 Ng6 19. Qh6+ Ke7 20. N2g4 Rc6 21. Nd5+
Kd7 22. Ngf6+ Kc8 23. Qxg5 Kb8 24. Rab1 h6 25. Qf5 a6 26. b4 f3 27. g3 h5 28.
Qxf3 h4 29. a4 hxg3 30. hxg3 Ne5 31. Qe2 Nd7 32. b5 axb5 33. axb5 Rc8 34. Ra1
Nxf6 35. Rxf6 Qg8 36. g4 Qh7 37. Qg2 Rcg8 38. Rf4 Qh6 39. b6 Rh7 40. Raf1 f5 41.
exf5 Rgh8 42. f6 Qg6 43. Qe4 Qf7 44. g5 Qh5 45. Qg2 Rg8 46. Rf5 Rf7 47. g6 Qxg6
48. Qxg6 Rxg6+ 49. Kf2 Rh6 50. Re1 Rf8 51. f7 Rh7 52. Re8+ 1-0

[Event "AUTO-INT-1978"]
[Site "http://www.queenalice.com/game.php?id=974483"]
[Date "2011.8.19"]
[Round "2"]
[White "ven10"]
[Black "canadianwolf"]
[Result "1-0"]
[WhiteElo "1781"]
[BlackElo "1869"]

1. e4 e6 2. d4 h6 3. c4 a6 4. Nf3 d6 5. Bd3 Nf6 6. O-O Nbd7 7. Nc3 c5 8. e5 dxe5
9. dxe5 Ng4 10. Bf4 Qc7 11. Re1 f5 12. exf6 e5 13. Bg6+ Kd8 14. Nxe5 Nxe5 15.
Bxe5 Qc6 16. fxg7 Bxg7 17. Bxg7 Rg8 18. Be4 Qc7 19. Bxh6 Qb6 20. Qd2 Qb4 21.
Bg5+ Ke8 22. Bg6+ Kf8 23. Qf4+ 1-0

[Event "AUTO-INT-1978"]
[Site "http://www.queenalice.com/game.php?id=974484"]
[Date "2011.8.19"]
[Round "2"]
[White "canadianwolf"]
[Black "ven10"]
[Result "1-0"]
[WhiteElo "1859"]
[BlackElo "1802"]

1. e4 c5 2. Bc4 e6 3. h3 d5 4. exd5 exd5 5. Bf1 Nf6 6. d3 Bd6 7. Nd2 O-O 8. Ne2
Re8 9. Nf3 Nc6 10. Be3 Bf5 11. g4 Bg6 12. Bg5 h6 13. Bxf6 Qxf6 14. Bg2 Re7 15.
O-O Qxb2 16. Re1 Rae8 17. Rb1 Qxa2 18. Nc3 Qa3 19. Nb5 Qa5 20. Nxd6 Rd8 21. Rxe7
Nxe7 22. Nxb7 Qc7 23. Nxd8 Qxd8 24. Ne5 Bh7 25. Rb7 Qd6 26. Qb1 g5 27. Nf3 Ng6
28. Rxa7 Nf4 29. Qb7 Bg6 30. h4 f6 31. Qg7# 1-0

[Event "Challenge"]
[Site "http://www.queenalice.com/game.php?id=1018454"]
[Date "2012.1.29"]
[Round "-"]
[White "canadianwolf"]
[Black "homoerectus"]
[Result "1-0"]
[WhiteElo "1889"]
[BlackElo "1771"]

1. e4 e5 2. Qh5 d6 3. c4 Nf6 4. Qe2 c5 5. d3 Nc6 6. h3 Be7 7. Nd2 Bd7 8. Nb3 a5
9. a3 a4 10. Nd2 Nd4 11. Qd1 O-O 12. Ngf3 Nxf3+ 13. Nxf3 b5 14. Bg5 Nh5 15. Bd2
f5 16. Nh2 f4 17. Qxh5 g6 18. Qe2 h5 19. Nf3 g5 20. Nh2 Qe8 21. f3 Qg6 22. O-O-O
g4 23. hxg4 hxg4 24. Nxg4 Bxg4 25. fxg4 bxc4 26. dxc4 Rab8 27. Qf3 Rb3 28. Bc3
Bd8 29. Qh3 Kg7 30. Rxd6 Bf6 31. g5 Qxe4 32. Qd7+ Kg8 33. gxf6 Rxc3+ 34. bxc3
Qe3+ 35. Kc2 Qf2+ 36. Rd2 Qg3 37. Qh7# 1-0

[Event "Challenge"]
[Site "http://www.queenalice.com/game.php?id=1018493"]
[Date "2012.1.29"]
[Round "-"]
[White "alexferreira"]
[Black "canadianwolf"]
[Result "0-1"]
[WhiteElo "1840"]
[BlackElo "1882"]

1. d4 e6 2. g3 h6 3. Bg2 Bd6 4. Nf3 Ne7 5. c3 Ng6 6. e4 e5 7. Nbd2 Nc6 8. O-O b6
9. d5 Na5 10. b3 Be7 11. c4 d6 12. Bb2 Bg4 13. Qc2 Nb7 14. b4 a6 15. a4 a5 16.
b5 Nc5 17. Ba3 h5 18. Bxc5 dxc5 19. Nb3 Bd6 20. Qd2 f6 21. Nc1 h4 22. Nd3 Qe7
23. Rae1 O-O-O 24. Qe3 Rh5 25. h3 Bd7 26. g4 Rh7 27. Nd2 Qf7 28. Re2 Rf8 29. Nb3
Ne7 30. f4 f5 31. exf5 exf4 32. Nxf4 Ng8 33. Rfe1 Re8 34. Qd3 Bxf4 35. Qf3 Bd6
36. Nd2 Rxe2 37. Qxe2 Rh8 38. Ne4 Nf6 39. Ng5 Qe8 40. Qd2 Qg8 41. Ne6 Nh7 42.
Re2 g5 43. fxg6 Qxg6 44. Nf4 Qb1+ 45. Re1 Bxf4 46. Rxb1 Bxd2 47. Kf2 Re8 48. Rd1
Bf4 49. Rf1 Bg3+ 50. Kg1 Re3 51. Rf7 Re1+ 52. Bf1 Ng5 53. Rf8+ Be8 54. Kg2 Kd8
55. Bd3 Ne4 56. Bxe4 Rxe4 57. Kf1 Rxc4 0-1

[Event "Challenge"]
[Site "http://www.queenalice.com/game.php?id=1026869"]
[Date "2012.2.6"]
[Round "-"]
[White "Ebbe"]
[Black "canadianwolf"]
[Result "1-0"]
[WhiteElo "1849"]
[BlackElo "1900"]

1. d4 e6 2. e4 a6 3. e5 d6 4. Nf3 h6 5. c4 Ne7 6. d5 c5 7. Bd3 Nf5 8. O-O Be7 9.
Nc3 Qc7 10. Qa4+ Bd7 11. Nb5 Qb6 12. Qb3 axb5 13. cxb5 O-O 14. a4 exd5 15. Qxd5
Be6 16. Qe4 d5 17. Qe2 g5 18. Bxf5 Bxf5 19. b3 Be6 20. h3 Rd8 21. Bd2 Nd7 22. a5
Qa7 23. Rfb1 b6 24. a6 Nf8 25. Nh2 Ng6 26. Qh5 Kg7 27. Rf1 Nxe5 28. f4 Nd3 29.
fxg5 Rh8 30. gxh6+ Kf8 31. h7 Ke8 32. Ng4 Qc7 33. Nf6+ Bxf6 34. Rxf6 c4 35.
Rxe6+ 1-0

[Event "Scene two"]
[Site "http://www.queenalice.com/game.php?id=1038783"]
[Date "2012.3.14"]
[Round "-"]
[White "canadianwolf"]
[Black "scheherazade"]
[Result "1/2-1/2"]
[WhiteElo "1904"]
[BlackElo "1733"]

1. c4 c5 2. e4 Nc6 3. Nf3 e5 4. a3 d6 5. h3 Nd4 6. d3 Nxf3+ 7. Qxf3 Nf6 8. Nc3
Bd7 9. Bg5 Qb6 10. Rb1 Be7 11. Bxf6 Bxf6 12. Be2 O-O 13. Qg3 Qd8 14. h4 g5 15.
Nd5 Kg7 16. f4 exf4 17. Nxf4 Be5 18. Nh5+ Kh8 19. Qf2 f5 20. hxg5 Qxg5 21. Rf1
Kg8 22. Bf3 Rae8 23. Qd2 Qxd2+ 24. Kxd2 f4 25. Rf2 Re7 26. b3 Bd4 27. Rff1 Be5
28. b4 b6 29. Rh1 Ref7 30. b5 Kh8 31. a4 1/2-1/2

[Event "singed wolf"]
[Site "http://www.queenalice.com/game.php?id=1039091"]
[Date "2012.3.14"]
[Round "-"]
[White "smcneil"]
[Black "canadianwolf"]
[Result "0-1"]
[WhiteElo "1851"]
[BlackElo "1904"]

1. e4 e6 2. e5 a6 3. d4 d5 4. Nf3 h6 5. Bd3 Nc6 6. Bd2 Be7 7. O-O Bf8 8. c4 Nge7
9. c5 Bd7 10. a3 Nf5 11. Bxf5 exf5 12. Nc3 Be6 13. b4 g5 14. Bc1 g4 15. Ne1 f6
16. Bf4 Bg7 17. exf6 Qxf6 18. Bxc7 Qxd4 19. Qxd4 Nxd4 20. Rd1 Bd7 21. Nxd5 Nb5
22. Rd3 Bc6 23. a4 Bxd5 24. axb5 Bc4 25. Re3+ Kd7 26. c6+ bxc6 27. Nd3 Kxc7 28.
Rc1 axb5 29. Nb2 Bxb2 30. Rce1 Rh7 31. g3 Bd5 32. f4 gxf3 33. Kf1 Ra2 34. Re7+
Rxe7 0-1

[Event "OS INCLIVEIS"]
[Site "http://www.queenalice.com/game.php?id=1039725"]
[Date "2012.3.16"]
[Round "-"]
[White "adelio"]
[Black "canadianwolf"]
[Result "0-1"]
[WhiteElo "1692"]
[BlackElo "1896"]

1. d4 h6 2. e4 e6 3. e5 Ne7 4. g4 Nd5 5. c4 Nb6 6. c5 Nd5 7. h4 a6 8. a3 Nc6 9.
Ra2 b6 10. Nd2 Nxd4 11. Ndf3 Nc6 12. h5 Bxc5 13. b4 Be7 14. Qb3 b5 15. Nh3 Bb7
16. g5 Nb6 17. g6 f5 18. exf6 Bxf6 19. Qe3 Nd5 20. Qd3 Qe7 21. Re2 Nb6 22. Bb2
O-O-O 23. Nf4 Nxb4 24. Qb3 N6d5 25. Nxd5 Bxd5 26. Qxb4 Qxb4+ 27. axb4 Bxf3 28.
Bxf6 gxf6 29. Rh3 Bxe2 30. Bxe2 Rhg8 31. Rg3 Rg7 32. f4 f5 33. Rc3 Kb7 34. Bf3+
d5 35. Rc5 Kb6 36. Rc1 a5 37. bxa5+ Kxa5 38. Be2 Kb6 39. Rb1 c6 40. Kd2 Ra8 41.
Rb2 Ra4 42. Ke3 Re4+ 43. Kf3 d4 44. Rd2 c5 45. Rb2 b4 46. Bc4 Re3+ 47. Kf2 Re7
48. Rb1 Rc3 49. Bf1 b3 50. Bc4 Rxc4 51. Rxb3+ Rb4 52. Rg3 Rg7 53. Rd3 Kc6 54.
Ra3 c4 55. Ra6+ Rb6 56. Ra2 Kc5 57. Re2 c3 58. Ke1 Kc4 59. Kd1 d3 60. Kc1 dxe2
61. Kc2 Rb2+ 62. Kc1 e1=R# 0-1

[Event "Challenge"]
[Site "http://www.queenalice.com/game.php?id=1044679"]
[Date "2012.4.1"]
[Round "-"]
[White "rdaigle2003"]
[Black "canadianwolf"]
[Result "0-1"]
[WhiteElo "1726"]
[BlackElo "1918"]

1. e4 e6 2. Nf3 h6 3. d4 d6 4. Nc3 a6 5. Bd2 Ne7 6. Bc4 d5 7. exd5 exd5 8. Bb3
Bg4 9. h3 Bxf3 10. Qxf3 c6 11. a3 Nd7 12. O-O-O Nf6 13. Bf4 Ng6 14. Bg3 Be7 15.
Rde1 O-O 16. Na4 Qa5 17. h4 Ne4 18. h5 Qd2+ 19. Kb1 Qxe1+ 20. Rxe1 Nd2+ 21. Ka2
Nxf3 22. gxf3 Bh4 23. hxg6 Bxg3 24. fxg3 fxg6 25. Rf1 g5 26. Nc5 Rf7 27. c3 h5
28. Bd1 Re8 29. Ne6 Rxe6 30. f4 g4 31. b4 Re3 32. Kb3 Rxg3 33. Bc2 Rf6 34. a4 b5
35. a5 h4 36. f5 h3 37. Rh1 Rg2 38. Bd3 h2 39. Be2 Rxe2 0-1

[Event "more wolf food wanted"]
[Site "http://www.queenalice.com/game.php?id=1045056"]
[Date "2012.4.2"]
[Round "-"]
[White "canadianwolf"]
[Black "Nilanguenivert"]
[Result "1-0"]
[WhiteElo "1936"]
[BlackElo "1846"]

1. c4 e5 2. e4 f5 3. exf5 Nf6 4. a3 Bc5 5. d3 d6 6. Qf3 Nc6 7. Ne2 Qd7 8. Be3
Bxe3 9. fxe3 Qxf5 10. e4 Qg5 11. Nd2 O-O 12. h4 Qh6 13. O-O-O Ng4 14. Qg3 Ne3
15. Qg5 Qxg5 16. hxg5 Nxd1 17. Kxd1 Bg4 18. Ke1 Rf7 19. Rh4 Be6 20. Nf3 Raf8 21.
Kd2 g6 22. Ke3 a6 23. Ng3 b5 24. Be2 b4 25. Nf1 bxa3 26. bxa3 Rb8 27. N1d2 Rb2
28. Bd1 Ne7 29. d4 exd4+ 30. Nxd4 Bd7 31. Bb3 a5 32. c5 d5 33. exd5 Kg7 34. d6
Nf5+ 35. Nxf5+ Rxf5 36. Re4 Rxb3+ 37. Nxb3 cxd6 38. Re7+ Rf7 39. cxd6 Rxe7+ 40.
dxe7 Kf7 41. Nxa5 Kxe7 42. Kd4 Kd6 43. Nb3 Kc7 44. Nc5 1-0

[Event "east vs west"]
[Site "http://www.queenalice.com/game.php?id=1047952"]
[Date "2012.4.11"]
[Round "-"]
[White "canadianwolf"]
[Black "rdaigle2003"]
[Result "1-0"]
[WhiteElo "1926"]
[BlackElo "1781"]

1. e4 c5 2. Bc4 d6 3. d4 cxd4 4. Qxd4 Nc6 5. Bb5 Bd7 6. Bxc6 Bxc6 7. Ne2 Qa5+ 8.
Nbc3 e5 9. Qd3 Nf6 10. Bd2 Qb6 11. b3 Ng4 12. O-O Be7 13. h3 Nf6 14. Be3 Qc7 15.
Ng3 a6 16. Nf5 O-O 17. Nh6+ Kh8 18. Nf5 Bd8 19. f4 Ng8 20. Nxd6 Be7 21. fxe5
Rfd8 22. Nxf7# 1-0

[Event "Challenge"]
[Site "http://www.queenalice.com/game.php?id=1049880"]
[Date "2012.4.17"]
[Round "-"]
[White "rdaigle2003"]
[Black "canadianwolf"]
[Result "0-1"]
[WhiteElo "1750"]
[BlackElo "1948"]

1. e4 d5 2. exd5 Qxd5 3. Nc3 Qd8 4. g3 c6 5. Bg2 Nf6 6. Nge2 e5 7. O-O Be6 8. b3
Qc7 9. d4 Nbd7 10. d5 Bf5 11. dxc6 bxc6 12. Re1 O-O-O 13. f4 Bc5+ 14. Kh1 Nb6
15. Bd2 Ng4 16. Rf1 Ne3 17. Bxe3 Rxd1 18. Nxd1 Bd6 19. Rc1 Bg4 20. Bf3 h5 21.
fxe5 Bxe5 22. Nf4 c5 23. Nd3 Bd4 24. Bf4 Bxf3+ 25. Rxf3 Qc6 26. Kg2 f6 27. c3 g5
28. cxd4 c4 29. Nb4 Qe4 30. Be3 g4 0-1